000 00723nam a2200241Ia 4500
001 13502
003 GE_BSU
008 181216s||||||||xx |||||||||||||| ||und||
040 _cGE_BSU
050 _b0333645510
080 _a004.2
100 _aChalk,B.S.
245 _aComputer Organization and Architecture an introduction
245 _bSchool of Computing information Systems and mathematics South Bank University
260 _aLondon
260 _bPalgrave
260 _c1996
300 _a214p.ill.24cm.
653 _aComputer Organization and Architecture
653 _aინფორმატიკა
653 _aსაინფორმაციო ტექნოლოგიები
942 _cBK
999 _c46661
_d46661